000 00816nai a2200205Ia 4500
003 IN-BaIIA
008 211028c9999 xx s 000 0 eng d
022 _a1070-9894 (Print)
022 _a1558-3686 (Online)
040 _cIIA Library
245 0 _aIEEE Transactions on Components, Packaging, and Manufacturing Technology: Part B
_h[eJournal]
260 _aNew York, USA
_bThe Institute of Electrical and Electronics Engineers, Inc. (IEEE)
310 _aQuarterly
362 _a17(1); 1994 - 21(4); 1998
521 _bSubscribed through National Knowledge Resource Consortium (NKRC)
650 _a Power, Energy and Industry Applications
650 _aComponents, Circuits, Devices and Systems
856 _uhttps://ieeexplore.ieee.org/servlet/opac?punumber=96
_yClick Here to Access eJournal
942 _cEJ
999 _c34646
_d34646